Govt. of
Madhya Pradesh

The complete Works of Sri Aurobindo Vol 20 (Record no. 42200)

MARC details
000 -LEADER
fixed length control field 005150000a22001690004500
003 - CONTROL NUMBER IDENTIFIER
control field MACL
005 - DATE AND TIME OF LATEST TRANSACTION
control field 20151122164644.0
008 - FIXED-LENGTH DATA ELEMENTS--GENERAL INFORMATION
fixed length control field 151122b xxu||||| |||| 00| 0 eng d
040 ## - CATALOGING SOURCE
Original cataloging agency MACL
Transcribing agency MACL
041 ## - LANGUAGE CODE
Language code of text/sound track or separate title English
082 ## - DEWEY DECIMAL CLASSIFICATION NUMBER
Classification number 100/AUR
100 ## - MAIN ENTRY--PERSONAL NAME
Personal name Sri Aurobindo Ashram Publication Dep
9 (RLIN) 18018
245 ## - TITLE STATEMENT
Title The complete Works of Sri Aurobindo Vol 20
Remainder of title The Renaissance in India
260 ## - PUBLICATION, DISTRIBUTION, ETC. (IMPRINT)
Name of publisher, distributor, etc. Sri Aurobindo Ashram Publication Dep
Date of publication, distribution, etc. 1997
Place of publication, distribution, etc. Pondicherry
650 ## - SUBJECT ADDED ENTRY--TOPICAL TERM
Topical term or geographic name as entry element Philosophy
9 (RLIN) 18019
942 ## - ADDED ENTRY ELEMENTS (KOHA)
Koha item type Books
Call number prefix 100/AUR
Source of classification or shelving scheme
Holdings
Withdrawn status Lost status Source of classification or shelving scheme Damaged status Not for loan Home library Current library Date acquired Total Checkouts Full call number Barcode Date last seen Uniform Resource Identifier Price effective from Koha item type
          MACL MACL 15/04/2015   100 CRE012335 02/05/2024 42471 15/04/2015 Books